Избранное: Война с саламандрами. Рассказы, апокрифы. Сказки и побасенки: пер. с чеш

מידע ביבליוגרפי
מחבר ראשי: Чапек Карел
שפה:רוסית
יצא לאור: Москва, Гудьял-Пресс, 1999
סדרה:Гранд Либрис
נושאים:
פורמט: ספר
KOHA link:https://koha.lib.tpu.ru/cgi-bin/koha/opac-detail.pl?biblionumber=29920

MARC

LEADER 00000nam0a2200000 4500
001 29920
005 20231030203711.0
010 |a 580260025X 
035 |a (RuTPU)RU\TPU\book\30186 
035 |a BOOK00030262 
090 |a 29920 
100 |a 20011209d1999 u y0rusy50 ca 
101 1 |a rus 
102 |a RU 
105 |a  000ay 
200 1 |a Избранное  |e Война с саламандрами. Рассказы, апокрифы. Сказки и побасенки: пер. с чеш  |f К. Чапек 
210 |a Москва  |c Гудьял-Пресс  |d 1999 
215 |a 624 с. 
225 1 |a Гранд Либрис 
327 1 |a Содерж.: Война с саламандрами; Рассказы, апокрифы; Сказки и побасенки. 
610 1 |a рассказы 
610 1 |a апокрифы 
610 1 |a сказки 
610 1 |a побасенки 
675 |a 885  |v 3 
700 1 |a Чапек  |g Карел 
801 0 |a RU  |b 63413507  |c 20011209  |g PSBO 
942 |c BK